| 000 | 01443nam a22002897a 4500 | ||
|---|---|---|---|
| 001 | 677 | ||
| 005 | 20250805161034.0 | ||
| 020 | _a9781575422787 | ||
| 020 | _a1575422786 | ||
| 040 |
_aDLC _cDLC _dDLC _beng |
||
| 050 | 0 | 0 |
_aBF637.P76 _bE87 2008 |
| 082 | 0 | 0 |
_a155.2/32 _222 |
| 100 | 1 |
_aEspeland, Pamela, _d1951- |
|
| 245 | 1 | 0 |
_aSee you later, procrastinator! : _b(get it done) / _cby Pamela Espeland & Elizabeth Verdick ; illustrated by Steve Mark. |
| 260 |
_aMinneapolis, MN : _bFree Spirit Pub., _c2008. |
||
| 300 |
_a101 pages : _bcolor illustrations : _c18 cm. |
||
| 490 | 0 | _aLaugh & learn | |
| 505 | _aM | ||
| 520 | _aKids today are notorious for putting things off--it's easy for homework and chores to take a backseat to playing video games, hanging out with friends, watching television, or surfing online. Full-color cartoons and kid-friendly text teach kids how to get motivated, stay motivated, and get things done. Kids learn 12 reasons why people procrastinate and 12 Procrastination Busters that can help; 20 ways to kiss procrastination good-bye; tips for avoiding setbacks like the dreaded Domino Effect; and Mighty Motivators and Fun Rewards to keep them on track. | ||
| 521 |
_a690 _bLexile |
||
| 521 |
_aM
_bRaz-Plus |
||
| 650 | 0 |
_aProcrastination _vJuvenile literature. |
|
| 700 | 1 | _aVerdick, Elizabeth. | |
| 700 | 1 | _aMark, Steve. | |
| 906 |
_a7 _bcbc _corignew _d1 _eecip _f20 _gy-gencatlg |
||
| 942 |
_2ddc _cBK _n0 |
||
| 999 |
_c677 _d677 |
||